Structural Analysis with Finite Elements (Record no. 1241)

000 -LEADER
fixed length control field 00346 a2200109 4500
020 ## - INTERNATIONAL STANDARD BOOK NUMBER
International Standard Book Number 054049698X
082 ## - DEWEY DECIMAL CLASSIFICATION NUMBER
Classification number 624.171 HAR
100 ## - MAIN ENTRY--PERSONAL NAME
Personal name Hartmann, Friedel
245 ## - TITLE STATEMENT
Title Structural Analysis with Finite Elements
Statement of responsibility, etc. Friedel Hartmann, Casimir Katz
260 ## - PUBLICATION, DISTRIBUTION, ETC.
Place of publication, distribution, etc. New York :
Name of publisher, distributor, etc. Springer Berlin Heidelberg,
Date of publication, distribution, etc. 2007
300 ## - PHYSICAL DESCRIPTION
Extent xii, 597p. :
Other physical details ill. ;
Dimensions 28 cm
650 ## - SUBJECT ADDED ENTRY--TOPICAL TERM
Topical term or geographic name entry element Structural Analysis
Holdings
Withdrawn status Lost status Damaged status Not for loan Permanent Location Current Location Shelving location Date acquired Total Checkouts Full call number Barcode Date last seen Price effective from Koha item type
        School of Civil and Environmental Engineering (SCEE) School of Civil and Environmental Engineering (SCEE)       624.171 HAR NIT-4137 01/05/2017 01/05/2017 Book
© 2023 Central Library, National University of Sciences and Technology. All Rights Reserved.